000 00875nam a2200253Ia 4500
003 OSt
005 20220930065217.0
006 a|||||r|||| 00| 0
007 ta
008 220926b |||||||| |||| 00| 0 eng d
024 _a5307
037 _cTheses
040 _aCRL
_cCRL
_beng
041 _2eng
_aeng
100 _aMittal Anju
_9525592
110 _aUniversity of Delhi. Faculty of Medical Science. Department of Radio-diagnosis
_9520258
245 0 _aRadiological evaluation of lesions in the distal ileum and proximal colon with special emphasis on pre oral pneumocolon
260 _c1986
650 _aDIAGNOSIS
_9519345
700 _a Dr M M Saha Supervisor
_9520369
700 _aUniversity of Delhi. Faculty of Medical Science. Department of Radio-diagnosis
_9520260
942 _cDIS
_2CC
999 _c859259
_d859259